Martin Luther King, Jr. / (Record no. 7662)

MARC details
000 -LEADER
fixed length control field 01508nam a22002897a 4500
001 - CONTROL NUMBER
control field 7662
003 - CONTROL NUMBER IDENTIFIER
control field FISKH
005 - DATE AND TIME OF LATEST TRANSACTION
control field 20250730141205.0
008 - FIXED-LENGTH DATA ELEMENTS--GENERAL INFORMATION
fixed length control field 250730b cb ||||| |||| 00| 0 eng d
020 ## - INTERNATIONAL STANDARD BOOK NUMBER
International Standard Book Number 9780545536363
040 ## - CATALOGING SOURCE
Original cataloging agency FISKH
Language of cataloging eng
Transcribing agency FISKH
Modifying agency FISKH
050 ## - LIBRARY OF CONGRESS CALL NUMBER
Classification number E185.K5 J377
082 ## - DEWEY DECIMAL CLASSIFICATION NUMBER
Classification number 323.092
100 ## - MAIN ENTRY--PERSONAL NAME
Personal name Jazynka, Kitson
245 ## - TITLE STATEMENT
Title Martin Luther King, Jr. /
Statement of responsibility, etc. By Kitson Jazynka
250 ## - EDITION STATEMENT
Edition statement First Scholastic printing, January 2013
260 ## - PUBLICATION, DISTRIBUTION, ETC.
Place of publication, distribution, etc. New York :
Name of publisher, distributor, etc. Scholastic ,
Date of publication, distribution, etc. 2012.
300 ## - PHYSICAL DESCRIPTION
Extent 48 pages :
Other physical details color illstrations ;
Dimensions 23 cm .
490 ## - SERIES STATEMENT
Series statement National Geographic Kids
Volume/sequential designation Level 3
505 ## - FORMATTED CONTENTS NOTE
Formatted contents note O <br/>
520 ## - SUMMARY, ETC.
Summary, etc. The most effective method used to influence children to read is to incorporate the information that interests them the most. National Geographic Readers are educational, high-interest, and comprehensive for children. In this title, readers will learn about the fascinating life and legacy civil rights leader Dr. Martin Luther King, Jr. In this level three biography, difficult concepts are made understandable and transitioned into a more approachable manner. This includes the use of sidebars, timetables, diagrams and fun facts to hold the interest of the young reader. The colorful design and educational illustrations round out this text as an exemplary book for their young minds to explore.
521 8# - TARGET AUDIENCE NOTE
Target audience note 630 <br/>
Source Lexile estimate <br/>
521 8# - TARGET AUDIENCE NOTE
Target audience note O <br/>
Source Raz-Plus <br/>
650 ## - SUBJECT ADDED ENTRY--TOPICAL TERM
Topical term or geographic name entry element Civil rights
Form subdivision Non-fiction
942 ## - ADDED ENTRY ELEMENTS (KOHA)
Source of classification or shelving scheme Dewey Decimal Classification
Koha item type Books
Suppress in OPAC No
Holdings
Withdrawn status Lost status Source of classification or shelving scheme Damaged status Not for loan Collection Home library Current library Shelving location Date acquired Total Checkouts Full call number Barcode Date last seen Price effective from Koha item type
    Dewey Decimal Classification     Non-Fiction Footprints International School Library Network Toul Tom Poung Campus Footprints International School Library Network Toul Tom Poung Campus TTP Primary Yellow Bookshelves 07/30/2025   JAZ 323.092 E185.K5 J377 FISBK02789 07/30/2025 07/30/2025 Books